Statistiques concernant Principaux technopôles français sur une carte

Cliquez ici pour prendre le quiz!

Statistiques générales

  • Ce quiz a été pris 171 fois
  • Le résultat moyen est 10 sur 11

Réponses sur la Carte

Les réponses sont colorées sur une échelle allant du rouge au vert en fonction du pourcentage des utilisateurs qui les ont devinées à leur premier essai. Vous pouvez retrouver ces pourcentages ci-dessous.
 

Statistiques - réponses

Villes% Correct
Paris
99%
Bordeaux
97%
Lille
96%
Lyon
96%
Strasbourg
96%
Marseille
95%
Toulouse
93%
Nantes
91%
Rennes
86%
Nice
84%
Grenoble
54%

Distribution des résultats

Percentile par nombre de réponses

% des personnes avec chaque résultat

Votre développement - résultats

Vous n’avez pas pris ce quiz